| 000 | 004700000a22001810004500 | ||
|---|---|---|---|
| 020 | _a0-8010-0948-0 | ||
| 041 | 0 | _aENG | |
| 082 | 0 | 4 | _aG 261.5 B469p |
| 100 | 1 | _aBenner, David G. | |
| 245 | 1 | 0 | _aPsychotherapy and the spiritual quest / David G. Benner |
| 260 | _aGrand Rapids, MI., USA : Baker | ||
| 300 | _a173 Pag | ||
| 001 | 6786 | ||
| 942 | _cBK | ||
| 999 |
_c37046 _d37046 |
||
| 336 |
_atexto _btxt _2rdacontent |
||
| 337 |
_2rdamedia _asin mediación _bn |
||
| 338 |
_2rdacarrier _avolumen _bnc |
||